[Event "Barcelona Rubi op-A 5th"]
[Site "Barcelona"]
[Date "2004.04.??"]
[Round "3"]
[White "Campos Cayuelas, Marc"]
[Black "Duran Montero, Manuel"]
[Result "0-1"]
[WhiteElo "1960"]
[BlackElo "2150"]
[PlyCount "46"]
[EventDate "2004.04.25"]
[EventType "swiss"]
[EventRounds "9"]
[EventCountry "ESP"]
[SourceTitle "EXT 2007"]
[Source "ChessBase"]
[SourceDate "2006.11.23"]
[SourceVersion "1"]
[SourceVersionDate "2006.11.23"]
[SourceQuality "1"]

1. e4 c5 2. Nf3 d6 3. d4 cxd4 4. Nxd4 Nf6 5. Nc3 a6 6. Bc4 e6 7. Be3 Be7 8. f3 Qc7 9. Bb3 Nc6 10. Qd2 Bd7 11. 0-0-0 0-0 12. g4 Rfc8 13. h4 b5 14. Ndxb5 axb5 15. Nxb5 Qa5 16. Nxd6 Bxd6 17. Qxd6 Be8 18. Bc5 Nd7 19. Ba3 Nce5 20. Rhf1 Nc4 21. Bxc4 Rxc4 22. Rd4 Ra6 23. Qb8 Nxb8 0-1

[Event "Barcelona Rubi op-A 5th"]
[Site "Barcelona"]
[Date "2004.04.??"]
[Round "8"]
[White "Planella Sanchez, Jordi"]
[Black "Campos Cayuelas, Marc"]
[Result "1/2-1/2"]
[WhiteElo "2095"]
[BlackElo "1960"]
[PlyCount "74"]
[EventDate "2004.04.25"]
[EventType "swiss"]
[EventRounds "9"]
[EventCountry "ESP"]
[SourceTitle "EXT 2007"]
[Source "ChessBase"]
[SourceDate "2006.11.23"]
[SourceVersion "1"]
[SourceVersionDate "2006.11.23"]
[SourceQuality "1"]

1. e4 e5 2. Bc4 Nf6 3. Nc3 Nc6 4. d3 Bc5 5. Bg5 h6 6. Bh4 g5 7. Bg3 d6 8. a3 a6 9. Nge2 Qe7 10. Qd2 Be6 11. b4 Ba7 12. Nd5 Bxd5 13. Bxd5 Nxd5 14. exd5 Nd4 15. Nxd4 Bxd4 16. c3 Ba7 17. 0-0-0 f5 18. f3 Qd7 19. Kb2 Qa4 20. h4 a5 21. Ra1 f4 22. Bf2 Bxf2 23. Qxf2 Kd7 24. Qe2 gxh4 25. Qe4 Rag8 26. Rag1 Rg5 27. Rxh4 Rhg8 28. Rg4 axb4 29. cxb4 Qa7 30. Rxg5 Rxg5 31. Qh7+ Kd8 32. Rc1 Qd4+ 33. Kb1 Qxd5 34. Qxc7+ Ke8 35. Qc8+ Kf7 36. Rc7+ Kg6 37. Qe8+ Kf6 1/2-1/2

[Event "Barcelona Rubi op-A 5th"]
[Site "Barcelona"]
[Date "2004.04.??"]
[Round "4"]
[White "Prats Rodriguez, Juan Bosco"]
[Black "Campos Cayuelas, Marc"]
[Result "0-1"]
[WhiteElo "2195"]
[BlackElo "1960"]
[PlyCount "57"]
[EventDate "2004.04.25"]
[EventType "swiss"]
[EventRounds "9"]
[EventCountry "ESP"]
[SourceTitle "EXT 2007"]
[Source "ChessBase"]
[SourceDate "2006.11.23"]
[SourceVersion "1"]
[SourceVersionDate "2006.11.23"]
[SourceQuality "1"]

1. e4 e5 2. Nf3 Nc6 3. Bc4 Nf6 4. d4 exd4 5. e5 Ng4 6. Qe2 Qe7 7. Bf4 f6 8. exf6 Qxe2+ 9. Kxe2 Nxf6 10. Re1 d6 11. Kf1+ Be7 12. Na3 a6 13. h3 Rf8 14. Be6 Bxe6 15. Rxe6 Kd7 16. Ree1 Nd5 17. Bg5 Rxf3 18. Bxe7 Rxa3 19. bxa3 Ndxe7 20. Re4 Rf8 21. Rae1 Nd5 22. Kg1 Nc3 23. Rh4 h6 24. Rg4 Rf7 25. Kf1 Nxa2 26. Rb1 b5 27. Rd1 Nc3 28. Kg1 Ne5 29. Re4 0-1